000
00332 a2200145 4500
001
142346
040
_c
Leonardo Da Vinci
041
_a
Português
082
_a
v095
245
_a
BÓSNIA
_b
assassinato do arquiduque Sarajevo
260
_c
1998
362
_a
19980000
697
_a
História
_a
Bósnia
_a
Imperialismo
942
_c
VM
999
_c
142346
_d
142346